| 000 | 00784nam a2200265Ia 4500 | ||
|---|---|---|---|
| 003 | OSt | ||
| 005 | 20221006153413.0 | ||
| 006 | a|||||r|||| 00| 0 | ||
| 007 | ta | ||
| 008 | 221006b |||||||| |||| 00| 0 eng d | ||
| 020 | _a9781901903348 | ||
| 024 | _a32,238 | ||
| 037 |
_bGift, Prof. Sonoko Hijikata _cTextual |
||
| 040 |
_aEASL _cEASL _beng |
||
| 041 |
_2eng _aeng |
||
| 082 | _aV42,1y7, P5 | ||
| 100 |
_aSHILLONY Ben-Ami _9648740 |
||
| 245 | 0 |
_aEnigma of the emperors _b Sacred subservience in Japanese history |
|
| 260 |
_aUK _bGlobal Oriental _c2005 |
||
| 300 |
_a312p. _ccm. |
||
| 490 | _v JEL | ||
| 650 |
_aJapanese Monarchy _9663738 |
||
| 942 |
_hV42,1y7, P5 _cTEXL _2CC |
||
| 999 |
_c1100324 _d1100324 |
||